Escritos políticos ; Cartas de Erasmo ; A corte do leão ; A festa macarrônica / (Record no. 1294)

MARC details
000 -LÍDER
Campo Fixo de Controle 00798nam a2200253 a 4500
001 - NÚMERO DE CONTROLE
Campo de Controle 1294
003 - IDENTIFICAÇÃO DO NÚMERO DE CONTROLE
Campo de Controle BR-CuiBMT
005 - DATA E HORA DA ÚLTIMA ATUALIZAÇÃO
Campo de Controle 20231207232640.0
008 - DADOS FIXOS
Dados Fixos 231204s2011 dtb 001 0 por d
020 ## - INTERNATIONAL STANDARD BOOK NUMBER
Nº do ISBN 9788570183163
040 ## - AGÊNCIA CATALOGADORA
Código da Agência Catalogadora BR-CuiBMT
Agência que transcreveu o registro BR-CuiBMT
080 ## - Nº DA CLASSIFICAÇÃO DECIMAL UNIVERSAL
Nº Class. CDU 94:32
Subd. Auxiliar Comum (81)
Nº edição CDU 2007
090 ## - NÚMERO DE CHAMADA
Nº classificação 94:32(81)
Cutter A368e
100 1# - ENTRADA PRINCIPAL -- AUTOR PESSOAL
Nome pessoal Alencar, José de,
Datas associadas ao nome 1829-1877
245 10 - TÍTULO PRINCIPAL
Título principal Escritos políticos ; Cartas de Erasmo ; A corte do leão ; A festa macarrônica /
Indicação de responsabilidade José de Alencar.
260 ## - PUBLICAÇÃO, DISTRIBUIÇÃO, ETC.
Local de publicação Brasília :
Editora Senado Federal,
-- Conselho Editorial,
Data 2011.
300 ## - DESCRIÇÃO FÍSICA
N. páginas ou volumes 237 p. ;
Dimensões 23 cm
490 1# - INDICAÇÃO DE SÉRIE
Título da série Edições do Senado Federal ;
Volume/designação sequencial da série v. 92
504 ## - NOTA DE BIBLIOGRAFIA, ETC.
Nota de bibliografia Ìndice.
650 ## - ASSUNTO TÓPICO
Cabeçalho tópico ou nome geográfico Política
Subdivisão geográfica Brasil
650 ## - ASSUNTO TÓPICO
Cabeçalho tópico ou nome geográfico História
Subdivisão cronológica Brasil
830 #0 - ENTRADA SECUNDÁRIA DE SÉRIE -- TÍTULO UNIFORME
Título uniforme Edições do Senado Federal ;
Nº do volume/designação sequencial da série 92
942 ## - ELEMENTOS DE ENTRADA ADICIONAIS (KOHA)
Fonte de classificação ou esquema de arquivamento Classificação Decimal Universal
Tipo de item do Koha Livros
Holdings
Estado: removido Estado: perdido Fonte de classificação ou esquema de arquivamento Estado: danificado Indisponível para empréstimo Localização permanente Localização atual Data de aquisição Total Checkouts Número de Chamada completo Código de barras Date last seen Número do exemplar Preço efetivo a partir de Tipo de item (Koha)
    Classificação Decimal Universal     Biblioteca da Escola Superior de Contas do TCE/MT Biblioteca da Escola Superior de Contas do TCE/MT 04/12/2023   94:32(81) A368e BIBTCEMT23120118 04/12/2023 Ex. 1 04/12/2023 Livros

Powered by Koha